000 00312nam a22001337a 4500
008 170131b xxu||||| |||| 00| 0 eng d
020 _a9780834209862
041 _aeng
080 _24TH
_a61
100 _a3
101 _aSHMI
245 _aTHE EFFECTIVE HEALTH CARE SUPERVISOR
_cMCCONELL, CH.R
942 _2udc
_cBK
999 _c4068
_d4068